<?xml version="1.0" encoding="UTF-8"?><?xml-stylesheet type="text/xsl" href="static/style.xsl"?><OAI-PMH xmlns="http://www.openarchives.org/OAI/2.0/" xmlns:xsi="http://www.w3.org/2001/XMLSchema-instance" xsi:schemaLocation="http://www.openarchives.org/OAI/2.0/ http://www.openarchives.org/OAI/2.0/OAI-PMH.xsd"><responseDate>2026-04-27T21:46:48Z</responseDate><request verb="GetRecord" identifier="oai:uvadoc.uva.es:10324/73298" metadataPrefix="marc">https://uvadoc.uva.es/oai/request</request><GetRecord><record><header><identifier>oai:uvadoc.uva.es:10324/73298</identifier><datestamp>2025-01-09T20:06:12Z</datestamp><setSpec>com_10324_1175</setSpec><setSpec>com_10324_931</setSpec><setSpec>com_10324_894</setSpec><setSpec>col_10324_1355</setSpec></header><metadata><record xmlns="http://www.loc.gov/MARC21/slim" xmlns:doc="http://www.lyncode.com/xoai" xmlns:xsi="http://www.w3.org/2001/XMLSchema-instance" xmlns:dcterms="http://purl.org/dc/terms/" xsi:schemaLocation="http://www.loc.gov/MARC21/slim http://www.loc.gov/standards/marcxml/schema/MARC21slim.xsd">
<leader>00925njm 22002777a 4500</leader>
<datafield tag="042" ind1=" " ind2=" ">
<subfield code="a">dc</subfield>
</datafield>
<datafield tag="720" ind1=" " ind2=" ">
<subfield code="a">Ruiz Urbon, Cristina</subfield>
<subfield code="e">author</subfield>
</datafield>
<datafield tag="260" ind1=" " ind2=" ">
<subfield code="c">2025</subfield>
</datafield>
<datafield tag="520" ind1=" " ind2=" ">
<subfield code="a">En este trabajo se plantea la aplicación de los fundamentos de la lingüística forense a los estudios de autoría literaria, con el objetivo de dotarlos de mayor objetividad, fiabilidad y precisión. Estos fundamentos están relacionados con tres principios rectores esenciales: (i) uno teórico, fundado en el concepto de idiolecto como variante individual y distintiva de cada persona; (ii) otro metodológico, basado en la comparación forense de textos, que recomienda la combinación de técnicas cualitativas y cuantitativas y el estudio de variables que afecten a distintos niveles de la lengua; y (iii) otro conclusivo, que se sustenta en el principio de probabilidad y que recomienda la expresión de las conclusiones en escalas de opinión verbal.</subfield>
</datafield>
<datafield tag="024" ind2=" " ind1="8">
<subfield code="a">Signa: Revista de la Asociación Española de Semiótica, 2025, 34, 543–568.</subfield>
</datafield>
<datafield tag="024" ind2=" " ind1="8">
<subfield code="a">2254-9307</subfield>
</datafield>
<datafield tag="024" ind2=" " ind1="8">
<subfield code="a">https://uvadoc.uva.es/handle/10324/73298</subfield>
</datafield>
<datafield tag="024" ind2=" " ind1="8">
<subfield code="a">10.5944/signa.vol34.2025.39529</subfield>
</datafield>
<datafield tag="024" ind2=" " ind1="8">
<subfield code="a">543</subfield>
</datafield>
<datafield tag="024" ind2=" " ind1="8">
<subfield code="a">568</subfield>
</datafield>
<datafield tag="024" ind2=" " ind1="8">
<subfield code="a">Signa: Revista de la Asociación Española de Semiótica</subfield>
</datafield>
<datafield tag="024" ind2=" " ind1="8">
<subfield code="a">34</subfield>
</datafield>
<datafield tag="245" ind1="0" ind2="0">
<subfield code="a">Aplicación de la lingüística forense a los estudios de atribución de autoría literaria. Principios teóricos, metodológicos y conclusivos.</subfield>
</datafield>
</record></metadata></record></GetRecord></OAI-PMH>